000 00553nam a2200181Ia 4500
003 GCL
008 140319s9999 xx 000 0 ara d
040 _aGCL /
_cGCL
082 0 4 _a315
_bر ا
100 1 _aبرسا، رولان
245 1 0 _aالديمغرافيا الاحصائية /
_cبرسا، رولان
700 1 _aحلانوفل رزق الله
260 _a[S.N] :
_bالمؤسسة الجامعية للدراسات والنشر والتوزيع ،
_c1993
300 _a239
490 _a
650 0 4 _aالسكان
942 _2ddc
_cBK
999 _c52417
_d52417